000
00286nam a22001097a 4500
005
20251013093736.0
008
251013b |||||||| |||| 00| 0 eng d
040
_c
PK-LaNCA
082
_a
720
_b
LAY
245
_a
Layered Urbanisms: Louis I Kahn visiting assistant professor
942
_c
BK
999
_c
66964
_d
66964